000 00328nam a22001217a 4500
008 230626b xxu||||| |||| 00| 0 eng d
082 _22
_a328.3
_bSHA 1976
100 _c Lok Sabha Secretariat
245 _aThe Commonwealth Parliaments
260 _aNew Delhi
_b Lok Sabha Secretariat
_c1976
300 _aX,287p
942 _2ddc
_cBK
999 _c2609
_d2609